Rationality and irrationality revisited
Na minha lista:
| Autor principal: | |
|---|---|
| Formato: | Capítulo de Livro |
| Idioma: | inglês |
| Assuntos: | |
| Tags: |
Sem tags, seja o primeiro a adicionar uma tag!
|
MARC
| LEADER | 00000naa$a2200000$$$4500 | ||
|---|---|---|---|
| 001 | 0022960 | ||
| 005 | 20221128114054.4 | ||
| 041 | 0 | |a eng | |
| 044 | |a SK | ||
| 245 | 1 | 0 | |a Rationality and irrationality revisited |c Jiří Hnilica |
| 610 | 2 | 0 | |a rozhodovanie |
| 610 | 2 | 0 | |a rozhodovanie manažérske |
| 610 | 2 | 0 | |a rozhodovanie finančné |
| 610 | 2 | 0 | |a rozhodovanie investičné |
| 610 | 2 | 0 | |a Thaler, R. |
| 610 | 2 | 0 | |a Kahneman, D. |
| 610 | 2 | 0 | |a Tversky, A. |
| 610 | 2 | 0 | |a Arthur, W.B. |
| 100 | 1 | |a Hnilica, Jiří | |